000 00747cam a2200241 a 4500
001 12637728
005 20180221090118.0
008 020107s1999 moua 000 0 eng d
010 _a 2002275168
020 _a0323007082 (pbk.)
035 _a(OCoLC)ocm48503404
040 _aODV
_cODV
_dDLC
041 _aeng
042 _alccopycat
080 _a610.7361 KEL
082 0 0 _a610.7361 KEL
_221
100 1 _a4
101 _aSHM
245 1 0 _aMosby's workbook for long-term care assistants /
_cRelda Timmeney Kelly ; procedure checklists by Cynthia A. Steury-Lattz.
906 _a7
_bcbc
_ccopycat
_d2
_encip
_f20
_gy-gencatlg
942 _2ddc
_cBK
999 _c43079
_d43079